แสดงรายละเอียดบรรณานุกรม
  กลับหน้าหลัก

Brief Record : Get Marc (ISO 2709) : E-mail record : QR code ปิดหน้าต่าง
E-books : เกี่ยวกับ Collections
LEADER 00000nam 2200000uu 4500
008    120605s2554||||th 000 0 tha d
020    ^a9749139011
040    ^abcnkk
041 0  ^atha
060  0 ^aBQ 968 ห313 2554.
245 00 ^aหลวงปู่ขาว อนาลโย : วัดถ้ำกลองเพล อำเภอเมือง จังหวัดหนองบัวลำภู./^bผู้เรียบเรียงและจัดพิมพ์,ปฐม,ภัทรา นิคมานนท์.
250    ^aพิมพ์ครั้งที่ 5
260    ^aเชียงใหม่ : ^bโครงการหนังสือบูรพาจารย์ วัดป่าอาจารย์มั่น (ภูริทตฺโต),^c2554.
300    ^a516 หน้า;^bภาพประกอบ.
440  0 ^aโครงการหนังสือบูรพาจารย์ เล่ม 4
650  0 ^aพระขาว อนาลโย,2431-2526 ^xผลงาน.
650  0 ^aชีวประวัติ.
650  0 ^aธรรมะ.
650  0 ^aสงฆ์ ^zไทย ^xชีวประวัติ.
650  0 ^aวัดถ้ำกลองเพล (หนองบัวลำภู).
700 0  ^aปฐม,ภัทรา นิคมานนท์.
710 1  ^aวัดป่าอาจารย์มั่น (ภูริทตฺโต) โครงการหนังสือบูรพาจารย์.
999    ^aใช้งานได้ทุกระบบ
รายการนี้ยังไม่มีแท็ก
คุณยังไม่ได้ล็อกอิน คุณสามารถมีกิจกรรมร่วมกับเว็บไซต์ได้ แต่ต้องล็อกอินก่อน ::
  ล็อกอิน
ลำดับที่ ประเภท เลขเรียก สถานที่ สถานะ
1. หนังสือทั่วไป
หนังสือทั่วไป
BQ 968 ห313 2554  
  
หนังสือทั่วไป On Shelf
  ขอยืม
   [แสดง 1/1 รายการ]

รายการใกล้เคียง
    หัวเรื่อง [ชีวประวัติ.]
    หัวเรื่อง [ธรรมะ.]

BibComment


ยังไม่เคยถูกคอมเมนท์

คอมเมนท์ทรัพยากรรายการนี้
  คอมเมนท์: หลวงปู่ขาว อนาลโ..
Bib 207380

 
 
 

 Union Library Management : ULibM
Copyright 2026. All Rights Reserved.
скачать бесплатно без регистрации порно красивый секс HD Sex Hindi sex

xxx gou

xxxx

bfxxx

xxxwww

Секса Видео

xxxx

Секса Видео

detube

geilexxx

C99 Shell

worms shell

blod xxx video
Ebony Coed Rihanna Rimes Takes A Dick In Her Young Twat priyaa indian fuck anal and pusssy hardcore indian women xxx desi hardcore fucking part 1 bengalixxxcouple